Buddhism beyond the monastery: (Record no. 957980)

MARC details
000 -LEADER
fixed length control field 00781nam a2200229Ia 4500
003 - CONTROL NUMBER IDENTIFIER
control field OSt
005 - DATE AND TIME OF LATEST TRANSACTION
control field 20251223153324.0
008 - FIXED-LENGTH DATA ELEMENTS--GENERAL INFORMATION
fixed length control field 221004b |||||||| |||| 00| 0 eng d
020 ## - INTERNATIONAL STANDARD BOOK NUMBER
International Standard Book Number 978 90 04 17600 3 (hbk)
037 ## - SOURCE OF ACQUISITION
Terms of availability TB
040 ## - CATALOGING SOURCE
Original cataloging agency CRL
Transcribing agency CRL
Language of cataloging eng
041 ## - LANGUAGE CODE
Source of code eng
Language code of text/sound track or separate title eng
084 ## - COLON CLASSIFICATION NUMBER
Classification number Q43:23 P9(Q4)
Assigning agency CL
100 ## - MAIN ENTRY--PERSONAL NAME
Personal name Jacoby, Sarah Ed.
9 (RLIN) 595426
245 #0 - TITLE STATEMENT
Title Buddhism beyond the monastery:
Remainder of title Tantric practices and their perforners in Tibet and the Himalayas
260 ## - PUBLICATION, DISTRIBUTION, ETC.
Place of publication, distribution, etc. Leiden, Netherlands:
Name of publisher, distributor, etc. Brill The Netherlands,
Date of publication, distribution, etc. 2009.
300 ## - PHYSICAL DESCRIPTION
Extent 202p.
Dimensions cm.
650 ## - SUBJECT ADDED ENTRY--TOPICAL TERM
Topical term or geographic name entry element RELIGION
9 (RLIN) 856340
700 ## - ADDED ENTRY--PERSONAL NAME
Personal name Terrone, Antonio Ed.
9 (RLIN) 595427
942 ## - ADDED ENTRY ELEMENTS (KOHA)
Classification part Q43:23 P9(Q4)
Koha item type Textbook
Source of classification or shelving scheme Colon Classification (CC)
Suppress in OPAC No
Holdings
Withdrawn status Lost status Source of classification or shelving scheme Damaged status Not for loan Home library Current library Date acquired Source of acquisition Cost, normal purchase price Total Checkouts Full call number Barcode Date last seen Cost, replacement price Price effective from Koha item type
    Colon Classification (CC)     Central Library Central Library 2022-10-05 30512, 26/10/2010, Segment Book Distributors 6054.73   Q43:23 P9(Q4) CL1387521 2022-10-05 6054.73 2022-10-05 Textbook
Copyright @ Delhi University Library System